Reglamento del Ateneo de Alumnos Internos de la Facultad de Medicina de Madrid. (Record no. 182113)

MARC details
000 -LEADER
campo de control de longitud fija 00704nam a2200169 i 4500
001 - NÚMERO DE CONTROL
campo de control 182113
003 - IDENTIFICADOR DE NÚMERO DE CONTROL
campo de control ES-MaACL
005 - FECHA Y HORA DE LA ÚLTIMA TRANSACCIÓN
campo de control 20230906221530.0
008 - DATOS DE LONGITUD FIJA--INFORMACIÓN GENERAL
campo de control de longitud fija 130617s1876 sp |||| | spa d
110 2# - ENTRADA PRINCIPAL--NOMBRE DE ENTIDAD CORPORATIVA
Nombre de entidad corporativa o nombre de jurisdicción como elemento de entrada Ateneo de los Alumnos Internos de la Facultad de Medicina de Madrid.
9 (RLIN) 151183
245 10 - MENCIÓN DEL TÍTULO
Título Reglamento del Ateneo de Alumnos Internos de la Facultad de Medicina de Madrid.
260 ## - PUBLICACIÓN, DISTRIBUCIÓN, ETC.
Lugar de publicación, distribución, etc. [Madrid :
Nombre del editor, distribuidor, etc. Ateneo de los Alumnos Internos de la Facultad de Medicina,
Fecha de publicación, distribución, etc. 1876?]
300 ## - DESCRIPCIÓN FÍSICA
Extensión 16 p. ;
Dimensiones 20 cm.
594 ## - Nota al título y mención de responsabilidad
Nota al título y mención de responsabilidad Tít. tomado del principio del texto.
610 24 - PUNTO DE ACCESO ADICIONAL DE MATERIA--NOMBRE DE ENTIDAD CORPORATIVA
Nombre de entidad corporativa o nombre de jurisdicción como elemento de entrada Ateneo de los Alumnos Internos de la Facultad de Medicina de Madrid.
9 (RLIN) 151183
852 ## - LOCALIZACIÓN
Ubicación ES-MaACL
Número de control de estantería T-366-F-24
Nota libre - Ejempl. sin portada
Holdings
Estatus retirado Estado de pérdida Estado de daño No para préstamo Colección Biblioteca de origen Biblioteca actual Ubicación en estantería Fecha de adquisición Fuente de adquisición Total de préstamos Signatura topográfica completa Código de barras Visto por última vez Precio de reemplazo Tipo de ítem Koha
        Colección de folletos Biblioteca del Ateneo de Madrid Biblioteca del Ateneo de Madrid Depósito folletos 17/06/2013     T-366-F-24 1191380 23/02/2023 23/02/2023 Folleto